Labour problems in India, (Record no. 69138)
[ view plain ]
| 000 -LEADER | |
|---|---|
| fixed length control field | 00622cam a22002171 4500 |
| 001 - CONTROL NUMBER | |
| control field | sa 66003856 |
| 003 - CONTROL NUMBER IDENTIFIER | |
| control field | DLC |
| 005 - DATE AND TIME OF LATEST TRANSACTION | |
| control field | 20260227112239.0 |
| 008 - FIXED-LENGTH DATA ELEMENTS--GENERAL INFORMATION | |
| fixed length control field | 750508s1965 ii 000 0 eng |
| 010 ## - LIBRARY OF CONGRESS CONTROL NUMBER | |
| LC control number | sa 66003856 |
| 035 ## - SYSTEM CONTROL NUMBER | |
| System control number | (OCoLC)1318995 |
| 040 ## - CATALOGING SOURCE | |
| Original cataloging agency | DLC |
| Transcribing agency | VtU |
| Modifying agency | NSyU |
| -- | DLC |
| 042 ## - AUTHENTICATION CODE | |
| Authentication code | premarc |
| 050 00 - LIBRARY OF CONGRESS CALL NUMBER | |
| Classification number | HD8686.5 |
| Item number | .M4 |
| 100 1# - MAIN ENTRY--PERSONAL NAME | |
| Personal name | Mehrotra, S. N. |
| 245 10 - TITLE STATEMENT | |
| Title | Labour problems in India, |
| Statement of responsibility, etc. | by S. N. Mehrotra. Foreword by S. D. Punekar. |
| 260 ## - PUBLICATION, DISTRIBUTION, ETC. | |
| Place of publication, distribution, etc. | Delhi, |
| Name of publisher, distributor, etc. | S. Chand |
| Date of publication, distribution, etc. | [1965] |
| 300 ## - PHYSICAL DESCRIPTION | |
| Extent | xv, 564 p. |
| Dimensions | 23 cm. |
| 504 ## - BIBLIOGRAPHY, ETC. NOTE | |
| Bibliography, etc. note | Bibliography : p. [559]-564. |
| 650 #0 - SUBJECT ADDED ENTRY--TOPICAL TERM | |
| Topical term or geographic name entry element | Labor and laboring classes |
| Geographic subdivision | India. |
No items available.